Normal view
MARC view
- الشامي ، علي حسين ، تقديم الحص ، سليم ، مقدمة المجذوب ، محمد
Entry Personal Name
001 - CONTROL NUMBER
- control field: 31330
003 - CONTROL NUMBER IDENTIFIER
- control field: JO-AjAnu
005 - DATE AND TIME OF LATEST TRANSACTION
- control field: 20230606075257.0
008 - FIXED-LENGTH DATA ELEMENTS
- fixed length control field: 230606|| aca||aabn | a|a d
040 ## - CATALOGING SOURCE
- Original cataloging agency: JO-AjAnu
- Transcribing agency: JO-AjAnu
100 ## - HEADING--PERSONAL NAME
- Personal name: الشامي ، علي حسين ، تقديم الحص ، سليم ، مقدمة المجذوب ، محمد
670 ## - SOURCE DATA FOUND
- Source citation: Work cat.: (JO-AjAnu)16089: الشامي ، علي حسين ، تقديم الحص ، سليم ، مقدمة المجذوب ، محمد , author, الديلوماسية : نشأتها و تطورها و قواعدها و نظام الحصانات و الإمتيازات الدبلوماسية